Indefinite Definitions VII Quiz Stats

 Plays Quiz Updated Jun 26, 2017

Support Sporcle.
Go Orange.
Score 0/35 Timer 07:00
0 Plays Today
% Correct
Go by without stopping
93.9%
Of relatively little weight
92.4%
Electromagnetic radiation that is visible
90.7%
Set on fire; ignite or kindle
90.5%
Narrow gap between mountains
90.3%
Broth in which meat, fish, bones, or vegetables are simmered
89.9%
Goods kept on hand for sale to customers
89.4%
Draft of a law presented to a legislature
89.3%
Transfer a ball or puck to a teammate
88.9%
Having a thin cutting edge or a fine point
87.6%
Write in order the letters constituting a word
87.3%
Itemized list or statement of fees or charges
87%
Verbal formula considered as having magical force
86.5%
Free from bias, dishonesty, or injustice
86.2%
Discharge a waste product from a bodily part
86.2%
Piece of legal paper money
84.2%
Horny, projecting mouthparts of a bird
83%
Marked by keenness and accuracy of perception
83%
% Correct
Travelling entertainment with sideshows, rides, etc.
82.4%
Pungent or biting in taste
82.1%
Relatively good
82.1%
Stretch of a specified type of weather
80.9%
Part of a rifle into which the barrel and firing mechanism are set
80.4%
Financial security granting rights of ownership in a corporation
79.8%
Undergo an examination with favorable results
79.6%
Period of physical or mental distress
77.9%
Hypodermic needle
77%
Raised in pitch by a semitone
75.2%
Of pleasing appearance, especially because of a pure or fresh quality
74.3%
Entertainment scheduled for presentation; program
69%
Containing a relatively small amount of a potentially harmful ingredient
63.6%
Relieve someone from work temporarily by taking a turn
63%
Exhibition and sale of articles to raise money
62.2%
Raw material
61.7%
Settle or land after flight
55.2%

You're not logged in!

Compare scores with friends on all Sporcle quizzes.
OR
Log In
Forgot?

From the Vault

The Board Games Are Revolting!

by knightlancer

Sometimes the games fight back.
Remove Ads.
Support Sporcle.
Get the best of Sporcle when you Go Orange. This ad-free experience offers more features, more stats, and more fun while also helping to support Sporcle. Thank you for becoming a member.

Show Comments

Extras

Top Quizzes Today


Score Distribution

Your Account Isn't Verified!

In order to create a playlist on Sporcle, you need to verify the email address you used during registration. Go to your Sporcle Settings to finish the process.

Report this User

Report this user for behavior that violates our Community Guidelines.

Details: